| 000 | 00370nam a22001337a 4500 | ||
|---|---|---|---|
| 020 | _a9780415304023 | ||
| 082 |
_a624.151 _bFAN/IN |
||
| 100 |
_aFang, Hsai Yang _9581 |
||
| 100 |
_aDaniels,John L. _9582 |
||
| 245 | _aIntroductory Geotechnical Engineering: An environmental perspective | ||
| 260 |
_aLondon _bTaylor & Francis Group _c2006 |
||
| 300 | _a545 | ||
| 942 | _cBK | ||
| 999 |
_c14172 _d14172 |
||